00517 2200205 4500001002100000005001700021020001800038035002500056040001200081082000800093084001400101090001800115100002400133245004200157260004500199300002100244650002000265850001200285990001400297YOGYA00000000008775920150703102937.0 a979-605-364-0 a0010-081400000087476 aYOPDYOG a813 a813 Cla S a813 Cla S (1) aClark, Mary Higgins aSang Pengintaic/ Clark, Mary Higgins aJakartabPT gramedia pustaka utamac1995 a400 hlm.;c20 cm aFiksi Indonesia aYOPDYOG a7298-PK/B